[Event "Fast Game"]
[Site "www.echecsemail.com"]
[Date "2015.10.12"]
[Round "1"]
[White "Attatroll"]
[Black "Cardiff"]
[WhiteElo "1800"]
[BlackElo "1680"]
[Result "0-1"]
[Round "1"]
1.Ng1f3 g6
2.d4 Bf8g7
3.c4 d6
4.Nb1c3 Ng8f6
5.e3 O-O
6.Bf1d3 Nb8c6
7.a3 e5
8.Bd3c2 Rf8e8
9.d5 Nc6e7
10.e4 a6
11.O-O h6
12.Bc1d2 Bc8g4
13.h3 Bg4xf3
14.Qd1xf3 g5
15.Nc3e2 Ne7g6
16.Ne2g3 Ng6f4
17.Bd2xf4 exf4
18.Ng3f5 Nf6d7
19.Bc2a4 Nd7e5
20.Qf3c3 Qd8f6
21.Ba4xe8 Ra8xe8
22.Nf5xg7 Kxg7
23.Ra1d1 f3
24.g3 Qf6g6
25.b4 Qg6h5
26.Kh2 Kg8
27.g4 Ne5xg4
28.Kg3 Qh5h4
29.Kxf3 Qh4xh3
{ resign }
0-1

[Event "Fast Game"]
[Site "www.echecsemail.com"]
[Date "2015.10.12"]
[Round "1"]
[White "Maredocla"]
[Black "Attatroll"]
[WhiteElo "1669"]
[BlackElo "1800"]
[Result "1-0"]
[Round "1"]
1.f4 d5
2.Ng1f3 c5
3.b3 Nb8c6
4.Bc1b2 Ng8f6
5.Bb2xf6 gxf6
6.e3 a6
7.Nb1c3 h5
8.h4 Bf8h6
9.d4 cxd4
10.Nf3xd4 Nc6xd4
11.Qd1xd4 Bc8e6
12.O-O-O Qd8a5
13.Qd4a4 Qa5xa4
14.Nc3xa4 O-O-O
15.g3 Be6g4
16.Bf1h3 f5
17.Bh3xg4 fxg4
18.Rd1xd5 e6
19.Rd5xh5 Bh6xf4
20.Rh5c5 Bf4c7
21.Rh1f1 f5
22.e4 Kb8
23.exf5 exf5
24.Rc5c3 f4
25.gxf4 Rh8xh4
26.f5 Bc7e5
27.Rc3e3 Be5f6
28.Re3e6 Rd8f8
29.Na4c5 Rh4h7
30.Rf1d1 Kc8
31.Nc5e4 Rh7e7
32.Ne4xf6 Re7xe6
33.fxe6 Rf8xf6
34.e7 { resign }
1-0

[Event "Tourn. n8432"]
[Site "www.chess-mail.com"]
[Date "2015.10.13"]
[Round "1"]
[White "Caspito"]
[Black "Goosebumps"]
[WhiteElo "1820"]
[BlackElo "1699"]
[Result "0-1"]
[Round "1"]
1.e4 e5
2.Ng1f3 Nb8c6
3.Bf1c4 Nc6d4
4.Nf3xe5 Qd8g5
5.Bc4xf7 Ke7
6.Ne5g4 Kxf7
7.c3 Nd4c2
8.Kf1 Nc2xa1
9.d4 Qg5e7
10.Ng4e5 Ke8
11.Qd1h5 g6
12.Ne5xg6 Ng8f6
13.Bc1g5 Nf6xh5
14.Bg5xe7 hxg6
15.Be7xf8 Rh8xf8
{ resign }
0-1

[Event "Tourn. n8387"]
[Site "www.chess-mail.com"]
[Date "2015.10.13"]
[Round "1"]
[White "Iko"]
[Black "Tomcapp"]
[WhiteElo "1610"]
[BlackElo "1680"]
[Result "1-0"]
[Round "1"]
1.e4 e5
2.Ng1f3 Nb8c6
3.Bf1b5 Ng8f6
4.Nb1c3 Bf8b4
5.Nc3d5 Nf6xe4
6.Bb5xc6 dxc6
7.Nd5xb4 Bc8g4
8.h3 Bg4xf3
9.Qd1xf3 Ne4f6
10.b3 Qd8d4
11.Qf3c3 Qd4xc3
12.dxc3 O-O
13.Bc1g5 c5
14.Bg5xf6 gxf6
15.Nb4d5 f5
16.Nd5e7 Kg7
17.Ne7xf5 Kg6
18.g4 f6
19.O-O-O h5
20.Nf5e7 Kh7
21.Rd1d7 Kh6
22.Rd7xc7 b5
23.Rc7xc5 a6
24.gxh5 Kxh5
25.Rh1g1 Kh4
26.Ne7g6 Kxh3
27.a4 bxa4
28.bxa4 e4
29.Rc5h5 
1-0

[Event "Tourn. n8363"]
[Site "www.chess-mail.com"]
[Date "2015.10.13"]
[Round "1"]
[White "Hansen"]
[Black "Cl3537"]
[WhiteElo "1480"]
[BlackElo "1460"]
[Result "1-0"]
[Round "1"]
1.e4 e5
2.a3 Ng8f6
3.Nb1c3 Nb8c6
4.Bf1b5 Bf8c5
5.b4 Bc5d4
6.Bb5xc6 bxc6
7.Ng1f3 Bd4xc3
8.dxc3 O-O
9.Bc1g5 h6
10.Bg5h4 d6
11.O-O Bc8e6
12.h3 d5
13.Nf3xe5 g5
14.Ne5xc6 Qd8e8
15.e5 Nf6e4
16.Bh4g3 Ne4xg3
17.fxg3 Be6f5
{ time. }
1-0

[Event "Tourn. n8359"]
[Site "www.chess-mail.com"]
[Date "2015.10.13"]
[Round "1"]
[White "Jhw"]
[Black "Asoka"]
[WhiteElo "2400"]
[BlackElo "2650"]
[Result "0-1"]
[Round "1"]
1.c4 Ng8f6
2.Ng1f3 c5
3.e3 e6
4.d4 d5
5.Nb1c3 Nb8c6
6.Bf1d3 dxc4
7.Bd3xc4 a6
8.d5 Nc6a5
9.b3 b5
10.Bc4e2 exd5
11.Nf3e5 Bc8b7
12.Be2g4 d4
13.exd4 cxd4
14.Qd1e2 Bf8e7
15.Nc3xb5 O-O
16.Ne5xf7 Rf8xf7
17.Bg4e6 d3
18.Be6xf7 Kxf7
19.Qe2e5 Be7b4
20.Nb5c3 Na5c6
21.Qe5f4 Bb4xc3
{ resign }
0-1

[Event "Tourn. n8414"]
[Site "www.chess-mail.com"]
[Date "2015.10.13"]
[Round "1"]
[White "Lino"]
[Black "Caspito"]
[WhiteElo "1799"]
[BlackElo "1810"]
[Result "1-0"]
[Round "1"]
1.e4 e5
2.Ng1f3 Nb8c6
3.Bf1b5 a6
4.Bb5a4 Nc6d4
5.Nf3xd4 exd4
6.d3 b5
7.Ba4b3 Qd8f6
8.O-O Bc8b7
9.Nb1d2 Qf6e5
10.Nd2f3 Qe5c5
11.Bc1f4 d6
12.Nf3g5 Ng8h6
13.Qd1h5 Bf8e7
14.Bb3xf7 Kd7
15.Qh5h3 Kc6
16.Bf7d5 Kb6
17.Ng5e6 Qc5xc2
18.Bd5xb7 Ra8a7
19.Bb7d5 c6
20.Ne6xd4 Qc2xb2
21.Nd4xc6 Ra7c7
22.Qh3e3 { resign }
1-0

[Event "Tourn. n8406"]
[Site "www.chess-mail.com"]
[Date "2015.10.13"]
[Round "1"]
[White "Ruko"]
[Black "Francesco"]
[WhiteElo "1940"]
[BlackElo "1980"]
[Result "1/2-1/2"]
[Round "1"]
1.e4 c6
2.d4 d5
3.Nb1c3 dxe4
4.Nc3xe4 Bc8f5
5.Ne4g3 Bf5g6
6.h4 h6
7.Ng1f3 Ng8f6
8.h5 Bg6h7
9.Bf1d3 Bh7xd3
10.Qd1xd3 e6
11.Bc1d2 Nb8d7
12.O-O-O Qd8c7
13.Ng3e4 O-O-O
14.Qd3e2 Bf8e7
15.Ne4xf6 Be7xf6
16.c3 Nd7b6
17.Nf3e5 Nb6d5
18.g3 c5
19.f4 cxd4
20.Kb1 dxc3
21.Rd1c1 Bf6xe5
22.fxe5 Qc7b6
23.Bd2xc3 Kb8
24.Qe2f3 Rd8d7
25.Qf3g4 Rh8g8
26.Qg4a4 Nd5xc3
27.Rc1xc3 Rg8d8
28.Rh1c1 Rd7d4
29.Rc3c4 Rd4xc4
30.Qa4xc4 a6
31.a3 Ka7
32.Qc4g4 Rd8g8
33.Qg4f4 Rg8f8
34.Qf4g4 Rf8g8
35.Qg4f4 { draw }
1/2-1/2

[Event "Tourn. n8401"]
[Site "www.chess-mail.com"]
[Date "2015.10.13"]
[Round "1"]
[White "Cathar"]
[Black "Aperturaf"]
[WhiteElo "2260"]
[BlackElo "2390"]
[Result "0-1"]
[Round "1"]
1.e4 e6
2.d3 d5
3.Qd1e2 dxe4
4.dxe4 e5
5.Ng1f3 Nb8c6
6.c3 Ng8f6
7.Nb1d2 Bf8e7
8.Nd2c4 Bc8g4
9.h3 Bg4h5
10.g4 Bh5g6
11.Nc4xe5 Bg6xe4
12.Ne5xf7 Be4xf3
13.Qe2xf3 Kxf7
14.Bf1c4 Kf8
15.Bc1f4 h6
16.Ra1d1 Be7d6
17.O-O Qd8d7
18.Rd1d2 Ra8e8
19.Rf1d1 Nc6e5
20.Bf4xe5 Re8xe5
21.Qf3xb7 h5
22.f4 Re5e3
23.Bc4b5 Qd7e6
24.Qb7a8 Nf6e8
25.Qa8xe8 Qe6xe8
26.Bb5xe8 Kxe8
{ resign }
0-1

[Event "Tourn. n8368"]
[Site "www.chess-mail.com"]
[Date "2015.10.13"]
[Round "1"]
[White "Tartan"]
[Black "Terrible"]
[WhiteElo "2490"]
[BlackElo "2320"]
[Result "1-0"]
[Round "1"]
1.d4 d5
2.c4 e6
3.Nb1c3 Bf8e7
4.Ng1f3 Ng8f6
5.Bc1g5 Nb8d7
6.e3 O-O
7.Qd1c2 h6
8.Bg5h4 c6
9.Ra1d1 Rf8e8
10.a3 dxc4
11.Bf1xc4 Nf6d5
12.Bh4xe7 Qd8xe7
13.O-O Nd5xc3
14.Qc2xc3 Nd7b6
15.Bc4d3 Nb6d5
16.Qc3c2 Bc8d7
17.Nf3e5 Ra8d8
18.Bd3h7 Kh8
19.Bh7g6 Re8f8
20.Bg6xf7 { resign }
1-0

[Event "Tourn. n8376"]
[Site "www.chess-mail.com"]
[Date "2015.10.13"]
[Round "1"]
[White "Vogue"]
[Black "Madz123456"]
[WhiteElo "2210"]
[BlackElo "2220"]
[Result "1-0"]
[Round "1"]
1.c4 e5
2.g3 Nb8c6
3.Nb1c3 g6
4.Bf1g2 Bf8g7
5.e4 d6
6.Ng1e2 f5
7.d3 Ng8f6
8.O-O O-O
9.Nc3d5 Kh8
10.Bc1g5 a6
11.Qd1d2 Ra8b8
12.f4 Bc8e6
13.exf5 Be6xf5
14.Ra1e1 Qd8d7
15.fxe5 Nc6xe5
16.Bg5xf6 Bg7xf6
17.d4 Ne5d3
18.Nd5xf6 Rf8xf6
19.Re1b1 d5
20.g4 dxc4
21.gxf5 Rf6xf5
22.b3 Rf5xf1
23.Rb1xf1 b5
24.d5 Qd7g7
25.Qd2e3 Qg7e5
26.Qe3xe5 Nd3xe5
27.Rf1f6 Ne5d3
28.Rf6xa6 Rb8e8
29.Ra6e6 Re8xe6
30.dxe6 Kg7
31.bxc4 b4
32.Ne2d4 Kf6
33.Bg2d5 Nd3e5
34.Kf2 g5
35.Ke3 c5
36.Nd4b3 Ne5g4
37.Ke4 Ng4xh2
38.Nb3xc5 Ke7
39.Nc5d3 Kf6
40.c5 { resign }
1-0

[Event "Tourn. n8327"]
[Site "www.chess-mail.com"]
[Date "2015.10.13"]
[Round "1"]
[White "Bira47"]
[Black "Attatroll"]
[WhiteElo "2050"]
[BlackElo "1900"]
[Result "0-1"]
[Round "1"]
1.c4 f5
2.g3 Ng8f6
3.Bf1g2 c6
4.Nb1c3 g6
5.e3 Bf8g7
6.Ng1e2 O-O
7.d4 d6
8.O-O Nb8d7
9.Ne2f4 Nd7b6
10.b3 e5
11.dxe5 dxe5
12.Qd1xd8 Rf8xd8
13.Nf4e2 Bc8e6
14.Rf1d1 Rd8xd1
15.Nc3xd1 Ra8d8
16.Nd1c3 e4
17.Ne2d4 Be6f7
18.Bc1a3 Nf6g4
19.h3 Ng4e5
20.Ra1d1 Ne5d3
21.Nc3e2 Nb6d7
22.f3 exf3
23.Bg2xf3 Nd7e5
24.Bf3g2 Bg7h6
25.Ne2f4 Nd3xf4
26.gxf4 Ne5d7
27.Ba3e7 Rd8e8
28.Nd4xf5 Bh6f8
29.Be7xf8 Nd7xf8
30.Nf5h6 Kg7
31.Nh6xf7 Kxf7
32.e4 Nf8e6
33.Rd1d7 Re8e7
34.Rd7xe7 Kxe7
35.f5 gxf5
36.exf5 Ne6d4
37.Bg2e4 Kf6
38.Kf2 Nd4xf5
39.h4 h6
40.h5 Nf5g7
41.Be4g6 Kg5
42.Bg6e8 Ng7xh5
43.Be8d7 c5
44.a3 Nh5f4
45.Bd7c8 b6
46.Ke3 h5
47.b4 h4
48.Bc8b7 Kg4
49.bxc5 bxc5
50.Bb7f3 Kg3
51.Bf3b7 h3
52.a4 Nf4g2
53.Ke2 h2
 { time }
0-1

[Event "Tourn. n8387"]
[Site "www.chess-mail.com"]
[Date "2015.10.13"]
[Round "1"]
[White "Huw"]
[Black "Caspito"]
[WhiteElo "1639"]
[BlackElo "1760"]
[Result "1-0"]
[Round "1"]
1.d4 g6
2.c4 c6
3.Nb1c3 e6
4.Bc1f4 d6
5.e3 Bf8g7
6.Ng1f3 Ng8f6
7.Bf1d3 O-O
8.Bf4g5 Qd8b6
9.Qd1b3 Nb8a6
10.O-O Na6b4
11.Bd3e2 c5
12.Nc3a4 Qb6a5
13.a3 Nb4c6
14.Ra1c1 cxd4
15.exd4 Nf6e4
16.Bg5e3 e5
17.d5 Nc6d4
18.Nf3xd4 exd4
19.Be3f4 Bg7e5
20.Bf4h6 Rf8e8
21.Be2d3 Ne4c5
22.Na4xc5 Qa5xc5
23.Rf1e1 b6
24.f4 Qc5a5
25.fxe5 dxe5
26.Qb3b4 Qa5xb4
27.axb4 a6
28.c5 b5
29.h3 f5
30.Rc1a1 e4
31.Bd3xb5 Re8e5
32.d6 Bc8b7
33.Bb5c4 Bb7d5
34.Bc4xa6 Re5e6
35.Ba6b5 Ra8b8
36.Bb5d7 Re6e5
37.Bh6f4 Re5e6
38.Bd7xe6 { resign }
1-0

[Event "Tourn. n8386"]
[Site "www.chess-mail.com"]
[Date "2015.10.13"]
[Round "1"]
[White "Culiflori"]
[Black "Heiserman"]
[WhiteElo "2010"]
[BlackElo "2130"]
[Result "1-0"]
[Round "1"]
1.e4 d6
2.d4 Ng8f6
3.Nb1c3 g6
4.Ng1f3 Bf8g7
5.Bc1e3 O-O
6.Bf1e2 Nb8d7
7.O-O c5
8.dxc5 Nd7xc5
9.Be3xc5 dxc5
10.Qd1xd8 Rf8xd8
11.Rf1d1 Bc8e6
12.h3 a6
13.Nf3g5 Be6d7
14.Ra1b1 h6
15.Ng5f3 b5
16.e5 Nf6e8
17.Nc3d5 Bd7f5
18.Nd5xe7 Kh7
19.Ne7xf5 gxf5
20.Be2d3 Kh8
21.Bd3xf5 Ne8c7
22.Bf5e4 Ra8b8
23.Rd1xd8 Rb8xd8
24.Be4b7 a5
25.Rb1e1 Nc7e6
26.Bb7a6 b4
27.Ba6c4 Kg8
28.b3 Ne6d4
29.Nf3xd4 Rd8xd4
30.e6 fxe6
31.Re1xe6 Kf8
32.Re6a6 Bg7e5
33.Bc4d3 Rd4d6
34.Ra6xa5 Be5d4
35.Kf1 h5
36.Ra5a6 Rd6xa6
37.Bd3xa6 Ke7
38.Ke2 Kd6
39.f4 Ke6
40.Kf3 Kf5
41.Ba6c8 Kf6
42.g4 { resign }
1-0

[Event "Tourn. n8400"]
[Site "www.chess-mail.com"]
[Date "2015.10.13"]
[Round "1"]
[White "Neo"]
[Black "Iko"]
[WhiteElo "1800"]
[BlackElo "1630"]
[Result "1-0"]
[Round "1"]
1.d4 d5
2.e3 Nb8c6
3.g3 Ng8f6
4.Bf1g2 Bc8e6
5.Ng1f3 Be6g4
6.O-O e5
7.Qd1d2 Nf6e4
8.Qd2d3 Qd8f6
9.Nf3xe5 Nc6xe5
10.dxe5 Qf6xe5
11.c3 O-O-O
12.Nb1d2 Bg4f5
13.Qd3e2 Bf8c5
14.Nd2xe4 Bf5xe4
15.Bg2xe4 dxe4
16.Qe2g4 f5
17.Qg4e2 Rd8d3
18.a3 Rh8d8
19.b4 Bc5e7
20.Bc1b2 Rd8d6
21.c4 Qe5e6
22.c5 Rd3d2
23.Qe2h5 Rd2xb2
24.Qh5xh7 Qe6h6
25.Qh7xf5 Qh6e6
26.Qf5h7 Be7f6
27.Qh7h8 Rd6d8
28.Qh8h5 Rd8d2
29.Qh5h8 Kd7
30.Ra1c1 Rd2c2
31.Rc1xc2 Rb2xc2
32.Rf1d1 Kc6
33.a4 Qe6a2
34.Qh8e8 
1-0

[Event "Match"]
[Site "www.echecsemail.com"]
[Date "2015.10.13"]
[Round "1"]
[White "Jhw"]
[Black "Chapi"]
[WhiteElo "1860"]
[BlackElo "2080"]
[Result "0-1"]
[Round "1"]
1.Ng1f3 c5
2.c4 Nb8c6
3.e3 g6
4.d4 cxd4
5.exd4 Bf8g7
6.Bc1e3 d6
7.h3 Ng8f6
8.Nb1c3 O-O
9.Bf1d3 Nf6d7
10.a3 Qd8b6
11.Nc3a4 Qb6c7
12.d5 Nc6e5
13.Nf3xe5 Nd7xe5
14.Qd1b3 Bc8d7
15.c5 Qc7a5
16.Be3d2 Ne5xd3
17.Ke2 Bd7xa4
18.Qb3xb7 Nd3xc5
19.Qb7xa8 Qa5b5
{ resign }
0-1

[Event "Match"]
[Site "www.echecsemail.com"]
[Date "2015.10.13"]
[Round "1"]
[White "Ditto"]
[Black "Darknight"]
[WhiteElo "1810"]
[BlackElo "1590"]
[Result "0-1"]
[Round "1"]
1.e4 e5
2.Ng1f3 d6
3.Bf1c4 h6
4.d4 exd4
5.Nf3xd4 Qd8f6
6.O-O h5
7.b3 c5
8.Nd4b5 Nb8a6
9.Nb1c3 Bc8d7
10.Nc3d5 Qf6d8
11.Bc1f4 Bd7c6
12.Rf1e1 Bc6xd5
13.Qd1xd5 Qd8d7
14.Nb5c3 Na6b4
15.Qd5d1 a6
16.a3 Nb4c6
17.Qd1f3 Nc6d4
18.Qf3d1 g6
19.Nc3d5 Qd7d8
20.Qd1d2 Ng8f6
21.Bf4g5 Bf8g7
22.e5 dxe5
23.Re1xe5 Kf8
24.Ra1e1 h4
25.Nd5xf6 Bg7xf6
26.Bg5xf6 Qd8xf6
27.Re5xc5 Ra8d8
28.Qd2c3 Rh8h5
29.Rc5xh5 gxh5
30.Bc4d3 Nd4f3
31.gxf3 Qf6xc3
32.Re1e4 h3
33.Re4h4 Rd8xd3
34.cxd3 Qc3e1

0-1

[Event "Match"]
[Site "www.echecsemail.com"]
[Date "2015.10.13"]
[Round "1"]
[White "Tbsundar"]
[Black "Churrasca"]
[WhiteElo "2070"]
[BlackElo "2170"]
[Result "0-1"]
[Round "1"]
1.d4 Ng8f6
2.c4 g6
3.Nb1c3 Bf8g7
4.Ng1f3 O-O
5.e3 d6
6.b3 Nb8d7
7.Bc1b2 c5
8.Bf1e2 b6
9.O-O Bc8b7
10.Qd1c2 e6
11.Ra1d1 Qd8e7
12.dxc5 dxc5
13.Nf3g5 Ra8e8
14.Nc3b5 a6
15.Nb5d6 Re8b8
16.h4 Nf6e8
17.Bb2xg7 Kxg7
18.Qc2b2 f6
19.Nd6xb7 Rb8xb7
20.Be2f3 Rb7b8
21.Bf3c6 Nd7e5
22.Bc6xe8 Rf8xe8
23.f4 Ne5g4
24.Rf1f3 Rb8d8
25.Rd1e1 e5
26.Rf3g3 h5
27.Ng5e4 exf4
28.exf4 Qe7xe4
29.Re1f1 Qe4e2
30.Qb2a3 a5
31.Qa3a4 Rd8d2
32.f5 Qe2xf1
33.Kxf1 Rd2d1
{ resign }
0-1

[Event "Match"]
[Site "www.echecsemail.com"]
[Date "2015.10.13"]
[Round "1"]
[White "Ztornad"]
[Black "Jjmcbride"]
[WhiteElo "1760"]
[BlackElo "1970"]
[Result "1-0"]
[Round "1"]
1.e4 e5
2.Bf1c4 d6
3.Qd1f3 Ng8f6
4.h3 c6
5.Nb1c3 b5
6.Bc4b3 b4
7.Nc3e2 d5
8.exd5 cxd5
9.d4 e4
10.Qf3e3 Qd8c7
11.Qe3f4 Bf8d6
12.Qf4d2 O-O
13.g4 Bd6h2
14.Ne2g3 Bh2xg1
15.Rh1xg1 a5
16.g5 e3
17.fxe3 Nf6e4
18.Qd2g2 Ne4xg5
19.Qg2xd5  { time }
1-0

[Event "Match"]
[Site "www.echecsemail.com"]
[Date "2015.10.13"]
[Round "1"]
[White "Lorenatache"]
[Black "Pare123"]
[WhiteElo "1809"]
[BlackElo "1990"]
[Result "0-1"]
[Round "1"]
1.d4 e6
2.e4 d6
3.c4 c6
4.f4 Ng8f6
5.Nb1c3 Qd8a5
6.Bc1d2 Qa5b6
7.Ng1f3 Qb6xb2
8.Ra1b1 Qb2a3
9.Rb1b3 Qa3a5
10.e5 Nf6d7
 { time }
0-1

[Event "Match"]
[Site "www.echecsemail.com"]
[Date "2015.10.13"]
[Round "1"]
[White "Ericleo1980"]
[Black "Jhw"]
[WhiteElo "2290"]
[BlackElo "2039"]
[Result "1-0"]
[Round "1"]
1.e4 e5
2.Ng1f3 Ng8f6
3.Nf3xe5 Qd8e7
4.d4 d6
5.Ne5f3 Nf6xe4
6.Bc1e3 g5
7.Bf1d3 g4
8.Nf3d2 Bc8f5
9.Nd2xe4 Bf5xe4
10.Qd1xg4 Be4xd3
11.Qg4c8 Qe7d8
12.Qc8xb7 Bd3xc2
13.Qb7xa8 f5
14.Nb1c3 Bf8g7
15.Qa8d5 c6
16.Qd5e6 Qd8e7
17.Qe6xe7 Kxe7
18.f3 Rh8e8
19.Kd2 { resign }
1-0

[Event "Match"]
[Site "www.echecsemail.com"]
[Date "2015.10.13"]
[Round "1"]
[White "Lorenatache"]
[Black "Guidom"]
[WhiteElo "1809"]
[BlackElo "2160"]
[Result "0-1"]
[Round "1"]
1.d4 d5
2.c4 dxc4
3.Ng1f3 b5
4.a4 c6
5.axb5 cxb5
6.e3 Bc8b7
7.b3 Qd8c7
8.bxc4 bxc4
9.Qd1a4 Qc7c6
10.Qa4xc4 Qc6xc4
 { time }
0-1

[Event "Match"]
[Site "www.echecsemail.com"]
[Date "2015.10.13"]
[Round "1"]
[White "Hundegana"]
[Black "Lorenatache"]
[WhiteElo "2000"]
[BlackElo "1809"]
[Result "1-0"]
[Round "1"]
1.e4 c5
2.d4 cxd4
3.Qd1xd4 Nb8c6
4.Qd4d1 Ng8f6
5.f3 a6
6.c4 d6
7.Ng1e2 e5
8.b3 Bf8e7
9.Nb1d2  { time }
1-0

[Event "Match"]
[Site "www.echecsemail.com"]
[Date "2015.10.13"]
[Round "1"]
[White "Lorenatache"]
[Black "Pinehill"]
[WhiteElo "1809"]
[BlackElo "1990"]
[Result "0-1"]
[Round "1"]
1.d4 Ng8f6
2.c4 e6
3.Ng1f3 b6
4.g3 Bc8a6
5.b3 Bf8b4
6.Bc1d2 Qd8e7
7.Bf1g2 c6
8.O-O d5
9.Nf3e5 Ba6b7
 { time }
0-1

[Event "Match"]
[Site "www.echecsemail.com"]
[Date "2015.10.13"]
[Round "1"]
[White "Lorenatache"]
[Black "Ericleo1980"]
[WhiteElo "1809"]
[BlackElo "2380"]
[Result "0-1"]
[Round "1"]
1.d4 d5
2.c4 c6
3.Ng1f3 Ng8f6
4.Nb1c3 e6
5.e3 Nb8d7
6.Qd1c2 Bf8d6
7.c5 Bd6c7
 { time }
0-1

[Event "Match"]
[Site "www.echecsemail.com"]
[Date "2015.10.13"]
[Round "1"]
[White "Dulap"]
[Black "Drdoom"]
[WhiteElo "999"]
[BlackElo "1800"]
[Result "1-0"]
[Round "1"]
1.e4 e5
2.Ng1f3 d6
3.d4 Bc8g4
4.dxe5 Bg4xf3
5.Qd1xf3 dxe5
6.Bf1c4 Ng8f6
7.Qf3b3 { resign }
1-0

[Event "Match"]
[Site "www.echecsemail.com"]
[Date "2015.10.13"]
[Round "1"]
[White "Iulia92"]
[Black "Hundegana"]
[WhiteElo "1809"]
[BlackElo "2030"]
[Result "0-1"]
[Round "1"]
1.d4 c5
2.d5 d6
3.c4 e6
4.e4 exd5
5.exd5 Qd8e7
6.Qd1e2 Qe7xe2
7.Bf1xe2 Ng8f6
8.Nb1c3 a6
9.h3 Nb8d7
10.Ng1f3 Bf8e7
11.O-O O-O
 { time }
0-1

[Event "Match"]
[Site "www.echecsemail.com"]
[Date "2015.10.13"]
[Round "1"]
[White "Azorau"]
[Black "Canario"]
[WhiteElo "1910"]
[BlackElo "1750"]
[Result "0-1"]
[Round "1"]
1.e4 e5
2.Bf1c4 Ng8f6
3.Qd1f3 d6
4.Qf3b3 Qd8e7
5.Nb1c3 Nb8c6
6.Ng1f3 Nc6d4
7.Nf3xd4 exd4
8.Nc3e2 Bc8e6
9.Bc4xe6 Qe7xe6
10.Qb3xb7 Qe6c8
11.Qb7c6 Kd8
12.Ne2xd4 g6
13.Qc6c4 Qc8d7
14.Nd4f3 Ra8b8
15.Qc4d4 Bf8g7
16.Qd4c4 Nf6xe4
17.Qc4xe4 Rh8e8
18.Nf3e5 Re8xe5
19.Qe4xe5 Bg7xe5
20.O-O h5
21.c3 f5
22.d4 Be5f6
23.b4 Qd7c6
24.Bc1d2 Kd7
25.a4 Qc6c4
26.Ra1e1 Rb8e8
27.Re1a1 Re8e2
28.Bd2e1 Re2a2
29.Ra1d1 Ra2xa4
30.h3 h4
31.Be1d2 g5
32.f4 g4
33.hxg4 fxg4
34.Rd1e1 h3
35.gxh3 gxh3
36.Kh2 Qc4d3
37.Re1d1 Ra4a2
38.Rf1f2 Bf6h4
39.Rf2f1 Ra2xd2
40.Kh1 Qd3e4
{ resign }
0-1

[Event "Match"]
[Site "www.echecsemail.com"]
[Date "2015.10.13"]
[Round "1"]
[White "Libiesse"]
[Black "Cardiff"]
[WhiteElo "2070"]
[BlackElo "1780"]
[Result "1-0"]
[Round "1"]
1.d4 d5
2.c4 dxc4
3.Nb1c3 e5
4.dxe5 Qd8xd1
5.Kxd1 c6
6.Bc1g5 Bf8e7
7.Ng1f3 Bc8e6
8.Bg5xe7 Ng8xe7
9.Nf3d4 Be6d5
10.f3 f6
11.e4 fxe5
12.Nd4c2 Bd5e6
13.Bf1e2 Nb8d7
14.Nc2e3 b5
15.Kc2 O-O-O
16.Ra1d1 Ne7g6
17.g3 h5
18.Rd1d6 { resign }
1-0

[Event "1/16 Finale"]
[Site "www.chess-mail.com"]
[Date "2015.10.13"]
[Round "1"]
[White "Rocadamare"]
[Black "Fanny33"]
[WhiteElo "2640"]
[BlackElo "2780"]
[Result "1/2-1/2"]
[Round "1"]
1.e4 c5
2.Ng1f3 d6
3.d4 cxd4
4.Nf3xd4 Ng8f6
5.Nb1c3 a6
6.Bc1e3 e5
7.Nd4b3 Bc8e6
8.Bf1e2 Nb8d7
9.f4 exf4
10.Be3xf4 Nd7e5
11.Qd1d4 Bf8e7
12.O-O-O Qd8c7
13.g4 Ra8c8
14.g5 Nf6d7
15.h4 b5
16.Kb1 O-O
17.h5 Rf8e8
18.Rd1f1 Nd7b6
19.Be2d3 f6
20.Bf4e3 Nb6c4
21.Nc3d5 Be6xd5
22.Qd4xd5 Kh8
23.Bd3xc4 Qc7xc4
24.h6 Qc4xd5
25.hxg7 Kg8
26.exd5 fxg5
27.Nb3d4 Kxg7
28.Nd4f5 Kg8
29.c3 Ne5f7
30.Be3d4 Be7f8
31.a3 Rc8c7
32.Nf5g3 Bf8g7
{ draw }
1/2-1/2

[Event "1/32 Finale"]
[Site "www.chess-mail.com"]
[Date "2015.10.13"]
[Round "1"]
[White "Amaya"]
[Black "Guidom"]
[WhiteElo "2030"]
[BlackElo "2170"]
[Result "1-0"]
[Round "1"]
1.d4 d5
2.e3 c6
3.Bf1d3 Ng8f6
4.Nb1d2 Bc8g4
5.f3 Bg4h5
6.c3 e6
7.Ng1e2 Bf8d6
8.f4 Nf6e4
9.Nd2xe4 dxe4
10.Bd3xe4 Nb8d7
11.O-O Nd7f6
12.Be4c2 O-O
13.Qd1e1 b5
14.Ne2g3 Bh5g6
15.e4 Nf6d7
16.f5 Bd6xg3
17.Qe1xg3 exf5
18.exf5 Bg6h5
19.Bc1h6 Qd8f6
20.Bh6g5 { resign }
1-0

[Event "Eq:Clubul Central de Sah-chibcha : "]
[Site "www.chess-mail.com"]
[Date "2015.10.13"]
[Round "1"]
[White "Paes19"]
[Black "Rocadamica"]
[WhiteElo "2000"]
[BlackElo "2690"]
[Result "0-1"]
[Round "1"]
1.e4 c5
2.c4 d6
3.Ng1f3 Ng8f6
4.Nb1c3 Bc8g4
5.h3 Bg4xf3
6.Qd1xf3 Nb8c6
7.Nc3e2 g6
8.b3 Bf8g7
9.Bc1b2 O-O
10.Ne2c1 Nf6h5
11.Bb2xg7 Nh5xg7
12.Bf1d3 Nc6d4
 { time }
0-1

[Event "Eq:Los Tercios-chibcha : "]
[Site "www.chess-mail.com"]
[Date "2015.10.13"]
[Round "1"]
[White "Vitoriccardo"]
[Black "Azorau"]
[WhiteElo "1820"]
[BlackElo "1870"]
[Result "1-0"]
[Round "1"]
1.d4 d5
2.c4 Ng8f6
3.Nb1c3 dxc4
4.e4 g6
5.Bf1xc4 Bf8g7
6.Ng1f3 O-O
7.O-O Bc8g4
8.Bc1e3 Nb8c6
9.e5 Nf6d7
10.h3 Bg4f5
11.g4 Bf5e6
12.d5 Nc6xe5
13.dxe6 fxe6
14.Bc4xe6 Kh8
15.Nf3xe5 Bg7xe5
16.Be3d4 Be5xd4
17.Qd1xd4 Nd7f6
18.Qd4e3 c6
19.Ra1d1 Qd8c7
20.Nc3e4 Nf6e8
21.Rd1d7 Qc7f4
22.Qe3c3 Ne8f6
23.g5 Qf4xe4
24.gxf6 exf6
25.Rf1e1 Qe4f4
26.Be6b3 Qf4g5
27.Qc3g3 Qg5a5
28.Re1e7 Rf8e8
29.Re7xh7 
1-0

[Event "Fast Game"]
[Site "www.echecsemail.com"]
[Date "2015.10.13"]
[Round "1"]
[White "Sonny1000"]
[Black "Kurush550"]
[WhiteElo "1399"]
[BlackElo "1599"]
[Result "0-1"]
[Round "1"]
1.e4 c5
2.Nb1c3 g6
3.Bf1c4 Bf8g7
4.Qd1f3 e6
5.Nc3b5 d6
6.Qf3d3 Bg7f8
7.Bc4b3 a6
8.Nb5c3 Bf8g7
9.Bb3a4 b5
10.Nc3xb5 axb5
11.Qd3xb5 Bc8d7
12.Qb5c4 Ra8xa4
13.Qc4e2 Ng8e7
14.Ng1f3 O-O
15.Nf3g5 Nb8c6
16.Qe2g4 h6
17.Ng5f3 d5
18.d3 dxe4
19.dxe4 f5
20.Qg4f4 Ra4xe4
{ resign }
0-1

[Event "Tourn. n8423"]
[Site "www.chess-mail.com"]
[Date "2015.10.14"]
[Round "1"]
[White "Panham"]
[Black "Libiesse"]
[WhiteElo "2140"]
[BlackElo "2090"]
[Result "1/2-1/2"]
[Round "1"]
1.e4 c5
2.Ng1f3 e6
3.d4 cxd4
4.Nf3xd4 Nb8c6
5.Nb1c3 Qd8c7
6.Bf1e2 a6
7.O-O Ng8f6
8.Bc1e3 Bf8e7
9.Qd1d2 d6
10.Ra1d1 b5
11.a3 Ra8b8
12.Be2f3 Bc8b7
13.Nd4xc6 Bb7xc6
14.Be3g5 Rb8d8
15.Qd2e3 O-O
16.Bg5f4 a5
17.e5 dxe5
18.Bf4xe5 Qc7b7
19.Bf3xc6 Qb7xc6
20.Be5xf6 Be7xf6
21.Rd1d3 Rd8xd3
22.Qe3xd3 Bf6xc3
23.bxc3 Rf8c8
24.Rf1d1 g6
25.Rd1c1 Qc6c5
26.Rc1b1 Qc5xa3
27.Qd3xb5 Qa3xc3
28.g3 Rc8c5
29.Qb5e8 Kg7
30.Rb1b8 Qc3e1
31.Kg2 Qe1e4
32.Kg1 Qe4e1
33.Kg2 Qe1e4
34.Kg1 { draw }
1/2-1/2

[Event "Tourn. n8423"]
[Site "www.chess-mail.com"]
[Date "2015.10.14"]
[Round "1"]
[White "Norlavuaram"]
[Black "Panham"]
[WhiteElo "2180"]
[BlackElo "2140"]
[Result "0-1"]
[Round "1"]
1.e4 e6
2.d4 d5
3.Nb1d2 Ng8f6
4.e5 Nf6d7
5.Bf1d3 c5
6.c3 Nb8c6
7.Ng1e2 Qd8b6
8.Nd2f3 cxd4
9.cxd4 Bf8e7
10.O-O O-O
11.a3 f6
12.exf6 Nd7xf6
13.b4 Bc8d7
14.Bc1g5 Qb6c7
15.Bg5h4 Nf6g4
16.Bh4g3 e5
17.dxe5 Ng4xe5
18.Nf3xe5 Nc6xe5
19.Ra1c1 Qc7d6
20.Ne2d4 Qd6f6
21.Qd1h5 Ne5xd3
{ resign }
0-1

[Event "Tourn. n8377"]
[Site "www.chess-mail.com"]
[Date "2015.10.14"]
[Round "1"]
[White "Jhw"]
[Black "Culiflori"]
[WhiteElo "1900"]
[BlackElo "1970"]
[Result "1-0"]
[Round "1"]
1.c4 Ng8f6
2.d4 e6
3.Nb1c3 Bf8b4
4.Bc1d2 O-O
5.f3 d5
6.e4 Bb4xc3
7.bxc3 dxe4
8.fxe4 Nf6xe4
9.Bf1d3 Ne4xd2
10.Qd1xd2 Qd8h4
11.g3 Qh4f6
12.O-O-O Nb8d7
13.Rd1f1 Qf6e7
14.Ng1h3 Qe7a3
15.Kd1 c5
16.Nh3g5 Nd7f6
17.Rf1xf6 gxf6
18.Ng5xh7 Rf8d8
19.Qd2h6 Qa3a4
20.Bd3c2 { resign }
1-0

[Event "Tourn. n8349"]
[Site "www.chess-mail.com"]
[Date "2015.10.14"]
[Round "1"]
[White "Ditto"]
[Black "Coraza"]
[WhiteElo "1820"]
[BlackElo "1690"]
[Result "0-1"]
[Round "1"]
1.e4 e5
2.Ng1f3 Nb8c6
3.Nb1c3 Ng8f6
4.Bf1c4 h6
5.d3 Bf8b4
6.Bc1d2 Bb4c5
7.Nc3d5 O-O
8.O-O Nf6xd5
9.Bc4xd5 Nc6e7
10.Nf3xe5 d6
11.Ne5g4 Bc8xg4
12.Qd1e1 c6
13.Bd5b3 Rf8e8
14.Bd2c3 Ne7g6
15.d4 Bc5b6
16.h3 Bg4e6
17.d5 cxd5
18.e5 Be6f5
19.Bb3a4 Re8e7
20.Ba4b3 dxe5
21.Bc3b4 Re7c7
22.Ra1d1 a5
23.Bb4d2 a4
24.Bb3xd5 Rc7d7
25.c4 Bf5d3
26.Bd2c3 Bd3xf1
27.Kxf1 Kh8
28.Qe1e4 Qd8f6
29.Rd1d3 Qf6xf2
{ resign }
0-1